|
|
|
|
| LEADER |
00000naa2a2200000 4500 |
| 001 |
390703 |
| 005 |
20231101064012.0 |
| 035 |
|
|
|a (RuTPU)RU\TPU\prd\23978
|
| 090 |
|
|
|a 390703
|
| 100 |
|
|
|a 20040316a2003 k y0rusy50 ca
|
| 101 |
0 |
|
|a rus
|
| 102 |
|
|
|a RU
|
| 200 |
1 |
|
|a Автоматизация испытаний линейного электропривода Московской монорельсовой дороги
|f М. Перцовский, А. Ртищев, А. Яковлев, И. Мирошкин
|
| 225 |
1 |
|
|a Разработки/Городской транспорт
|
| 320 |
|
|
|a Библиогр.: 2 назв.
|
| 461 |
|
1 |
|0 (RuTPU)RU\TPU\prd\1759
|x 0206-975X
|t Современные технологии автоматизации
|o производственно-технический журнал
|d 2000-
|
| 463 |
|
1 |
|0 (RuTPU)RU\TPU\prd\18455
|t № 3
|v С. 56-65
|d 2003
|
| 610 |
1 |
|
|a автоматизация испытаний
|
| 610 |
1 |
|
|a линейные электроприводы
|
| 610 |
1 |
|
|a электроприводы
|
| 610 |
1 |
|
|a Москва
|
| 610 |
1 |
|
|a монорельсовые дороги
|
| 610 |
1 |
|
|a надёжность
|
| 610 |
1 |
|
|a программные комплексы
|
| 610 |
1 |
|
|a структура
|
| 701 |
|
1 |
|a Перцовский
|b М.
|
| 701 |
|
1 |
|a Ртищев
|b А.
|
| 701 |
|
1 |
|a Яковлев
|b А.
|
| 701 |
|
1 |
|a Мирошкин
|b И.
|
| 801 |
|
1 |
|a RU
|b 63413507
|c 20040316
|g PSBO
|
| 801 |
|
2 |
|a RU
|b 63413507
|c 20131217
|g RCR
|
| 942 |
|
|
|c BK
|